[Event "World School-ch U13"]
[Site "Sochi"]
[Date "2016.12.09"]
[Round "7"]
[White "Styazhkin, Nikita"]
[Black "Bagdasaryan, Samvel"]
[Result "1-0"]
[WhiteElo "1676"]
[BlackElo "1526"]
[PlyCount "63"]
[EventDate "2016.12.03"]
[EventType "swiss"]
[EventRounds "9"]
[EventCountry "RUS"]
[SourceTitle "EXT 2018"]
[Source "ChessBase"]
[SourceDate "2017.10.13"]
[SourceVersion "1"]
[SourceVersionDate "2017.10.13"]
[SourceQuality "1"]

1. e4 e5 2. Nf3 d6 3. d4 exd4 4. Nxd4 g6 5. Nc3 Bg7 6. Be3 Nf6 7. f3 Nc6 8. Qd2 Nxd4 9. Bxd4 Be6 10. Be2 a6 11. 0-0-0 0-0 12. g4 b5 13. a3 Ne8 14. Bxg7 Kxg7 15. h4 c5 16. h5 Ra7 17. hxg6 fxg6 18. f4 Bg8 19. f5 g5 20. e5 b4 21. f6+ Kh8 22. axb4 cxb4 23. Qe3 Rb7 24. Nd5 Qa5 25. Ne7 Rxe7 26. fxe7 Rf7 27. exd6 Qa1+ 28. Kd2 Qxb2 29. Ke1 Qf6 30. d7 Rxe7 31. dxe8Q Rxe8 32. Qxe8 1-0

[Event "World School-ch U13"]
[Site "Sochi"]
[Date "2016.12.08"]
[Round "5"]
[White "Esipenko, Aleksandr"]
[Black "Bagdasaryan, Samvel"]
[Result "1-0"]
[WhiteElo "1855"]
[BlackElo "1526"]
[PlyCount "65"]
[EventDate "2016.12.03"]
[EventType "swiss"]
[EventRounds "9"]
[EventCountry "RUS"]
[SourceTitle "EXT 2018"]
[Source "ChessBase"]
[SourceDate "2017.10.13"]
[SourceVersion "1"]
[SourceVersionDate "2017.10.13"]
[SourceQuality "1"]

1. e4 e5 2. Nf3 d6 3. d4 exd4 4. Qxd4 Bd7 5. Nc3 Nc6 6. Qd2 Nf6 7. Bd3 Be7 8. 0-0 0-0 9. b3 Ng4 10. Bb2 Nge5 11. Nxe5 dxe5 12. Nd5 Bd6 13. Rfe1 Ne7 14. Rad1 Ng6 15. Bc4 Bc6 16. g3 Qc8 17. h4 Rd8 18. h5 Nf8 19. h6 Bxd5 20. exd5 Ng6 21. hxg7 Kxg7 22. Kg2 Qg4 23. Rh1 Kg8 24. Be2 Qf5 25. Rh5 Qd7 26. Rdh1 Kf8 27. Rxh7 Qf5 28. R1h5 Qf6 29. Bg4 Ke7 30. Rf5 Nf4+ 31. Rxf4 Qg6 32. Rfxf7+ Ke8 33. Be6 1-0

[Event "World School-ch U13"]
[Site "Sochi"]
[Date "2016.12.03"]
[Round "1"]
[White "Bagdasaryan, Samvel"]
[Black "Manafov, Vugar Gulam"]
[Result "0-1"]
[WhiteElo "1526"]
[BlackElo "1963"]
[PlyCount "86"]
[EventDate "2016.12.03"]
[EventType "swiss"]
[EventRounds "9"]
[EventCountry "RUS"]
[SourceTitle "EXT 2018"]
[Source "ChessBase"]
[SourceDate "2017.10.13"]
[SourceVersion "1"]
[SourceVersionDate "2017.10.13"]
[SourceQuality "1"]

1. e4 c6 2. d4 d5 3. Nc3 dxe4 4. Nxe4 Nd7 5. Nf3 Ngf6 6. Qe2 Nxe4 7. Qxe4 Nf6 8. Qd3 g6 9. Ne5 Bg7 10. Be3 0-0 11. f3 Nd5 12. Bf2 Qa5+ 13. c3 Bf5 14. Qd2 Bxe5 15. dxe5 Rad8 16. Be2 Qc7 17. Qd4 c5 18. Qxc5 Qxe5 19. Qd4 Qe6 20. Kf1 g5 21. h4 Nf4 22. Qe3 Qc6 23. Qc5 Qxc5 24. Bxc5 Rd2 25. Be3 Rxb2 26. Bxf4 gxf4 27. Rd1 Bc2 28. Rc1 Rd8 29. g4 Bd3 30. Rh2 Bc4 31. Rf2 Rdd2 32. Re1 Rxa2 33. Rg2 Rxe2 34. Rgxe2 a5 35. Kf2 Rxe2+ 36. Rxe2 Bxe2 37. Kxe2 a4 38. Kd2 e5 39. c4 a3 40. Kc2 e4 41. fxe4 f3 42. Kb3 f2 43. Kxa3 f1Q 0-1